Rossija: varianty razvitija sobytij i strategii zapadnogo predprinimatel'stva.
Scenáre možného rozvoja Ruska od otvorenej trhovej ekonomiky po chaotický typ rozvoja. Rozvoj v otvorenej trhovej ekonomike. Uzavretá trhová ekonomika. Liberálno-byrokratický rozvoj. Chaotický rozvoj a vysoká miera jeho rizika. Kapitalizmus latinskoamerického typu.
Gespeichert in:
| 1. Verfasser: | |
|---|---|
| Weitere Verfasser: | |
| Format: | Buchkapitel |
| Sprache: | Russisch |
| Schlagworte: | |
| Tags: |
Keine Tags, Fügen Sie das erste Tag hinzu!
|
MARC
| LEADER | 00000naa a2200000 4500 | ||
|---|---|---|---|
| 001 | r010368 | ||
| 005 | 20221208123328.0 | ||
| 041 | 0 | |a rus | |
| 044 | |a [SU] | ||
| 245 | 1 | 0 | |a Rossija: varianty razvitija sobytij i strategii zapadnogo predprinimatel'stva. |c S. Remes, Ch. Tervonen |
| 520 | |a Scenáre možného rozvoja Ruska od otvorenej trhovej ekonomiky po chaotický typ rozvoja. Rozvoj v otvorenej trhovej ekonomike. Uzavretá trhová ekonomika. Liberálno-byrokratický rozvoj. Chaotický rozvoj a vysoká miera jeho rizika. Kapitalizmus latinskoamerického typu. | ||
| 610 | 2 | 0 | |a rozvoj hospodársky |
| 610 | 2 | 0 | |a hospodárstvo trhové |
| 610 | 2 | 0 | |a Rusko |
| 610 | 2 | 0 | |a Spoločenstvo nezávislých štátov |
| 610 | 2 | 0 | |a trh |
| 610 | 2 | 0 | |a rozvoj sociálno-ekonomický |
| 610 | 2 | 0 | |a hospodárstvo otvorené |
| 610 | 2 | 0 | |a scenáre |
| 610 | 2 | 0 | |a podnikanie |
| 100 | 1 | |a Remes, S. | |
| 700 | 1 | |a Tervonen, Ch. | |